| 000 | 00446nam a2200157 i 4500 | ||
|---|---|---|---|
| 001 | 81102 | ||
| 003 | ES-MaACL | ||
| 005 | 20230906174354.0 | ||
| 007 | t| | ||
| 008 | 041103s1971 sp |||| | spa d | ||
| 100 | 1 |
_aHoyo González, Francisco del. _964426 |
|
| 245 | 1 | 0 |
_aA golpe de rima _b: (humorismo y verdad) / _cFrancisco del Hoyo González. |
| 260 |
_a[Burgos : _bs.n., _c1971] |
||
| 300 |
_a211 p. ; _c21 cm. |
||
| 852 |
_aES-MaACL _jC-39003 |
||
| 999 |
_c81102 _d81102 |
||